000 00504nam a2200181Ia 4500
001 21013
005 20260306172848.0
008 260306t2018||||xx |||||||||||||| ||spa||
041 _aESP
082 _a343.91
_bM19
100 _aMaldonado-Meléndez, Mirko A.
_eAUT
245 0 _aOrganismos reguladores de los servicios públicos de red:
_bregulación jurídica y problemática
260 _c2018
300 _a333 páginas :
_c25 cm.
650 _aGEN
654 _aCDE
942 _cLIB
_dJUS
_fJUS
_2ddc
_n
999 _c21013
_d21013